000 00475nam a2200157Ia 4500
008 210716s2009 xx 000 0 und d
020 _a9780007341696
041 _aeng
082 _a374.22 GELM
100 _aGelb, Michael.
245 _aThink like da vinci: 7 easy steps to boosting your everyday genius.
_b7 easy steps to boosting your everyday genius.
250 _a1
260 _aLondon
_bHarper Element
_c2009
300 _axviii,318
650 _aGeneral Management
999 _c205838
_d205838